00821nam a2200217 i 4500003000900000005001700009007000300026008004100029040003100070041000800101082001900109245004900128264007300177300007500250336002800325337003500353338003100388651007500419651005900494710005000553DO-SdBNP20250912090004.0ta220802e200? dr aob gry||| 00| 0 spa d aDO-SdBNPbspacBNPHUerdad aspa 4axxxbF981f22200aFundación Falcondo :binforme anual 2006 / aSanto Domingo, República DominicanabFundación Falcondo,c[2006] a77 páginas :bilustraciones, fotografías, mapa, retratos ;c28 cm. atextobtxt2rdacontent  asin mediación bn2rdamedia  avolumen bnc2rdacarrier 2 aFundación Falcondo (República Dominicana)vInforme Técnicoy20062 aFundación Falcondo (República DominicanavAnuarios2 aFundación Falcondo (República Dominicana)